Homixide Gang - Homixide Lifestyle 2 Tracklist - Statistics

General Stats
  • This quiz has been taken 21 times
  • The average score is 14 of 25
Answer Stats
songs % Correct
PC5
93%
REDRAG
86%
BREEZE
79%
FACET!ME
64%
FRANK MATTHEWS
64%
NINTEND0
64%
PB&J
64%
SHOPPING BAGS
64%
SOUL-FLY
64%
VICE CITY
64%
WATCH OUT!
64%
5G
57%
JOHNNY CAGE
57%
1-800-555-OPIUM
50%
$$$ PROBLEMS
50%
RED TAILS
50%
CALL ON ME
43%
FREE AGENTS
43%
GOING ON
43%
GVNGANATI
43%
HEADTAP
43%
SOBER
43%
VILLAIN
43%
NUN 2 IT
36%
STATE PROPERTY
29%
No matching quizzes found
Score Distribution
Percent of People with Each Score
Percentile by Number Answered
Your Score History
You have not taken this quiz